Online Catalogue and eLibrary

Sheersha pata : (Record no. 1276)

MARC details
000 -LEADER
fixed length control field 00512nam a2200157Ia 4500
005 - DATE AND TIME OF LATEST TRANSACTION
control field 20250620004347.0
008 - FIXED-LENGTH DATA ELEMENTS--GENERAL INFORMATION
fixed length control field 240331s9999 xx 000 0 und d
020 ## - INTERNATIONAL STANDARD BOOK NUMBER
ISBN 9559578901
082 ## - DDC Classification
Class No. 302.2
Item Number - Author Mark DIS
100 ## - MAIN ENTRY--PERSONAL NAME
Personal name Dissanayake, C
245 #0 - TITLE STATEMENT
Title Sheersha pata :
Remainder of title 1992 varshaye sati antha Sinhala puvathpath pradana sirsha pata
260 ## - PUBLICATION, DISTRIBUTION, ETC.
Place of publication, distribution, etc. Boralesgamuwa
Name of publisher, distributor, etc. CRC Press
Date of publication, distribution, etc. 1995
300 ## - PHYSICAL DESCRIPTION
Extent (e.g. Volumes, Pages etc.) 138 p .,
500 ## - GENERAL NOTE
General note A review of lead stories which were published by weekend newspapers during the year 1992
942 ## - Koha item type (Biblio)
Koha item type Books in Stacks (Lending)
Holdings
Lost status Damaged status Collection code Home library Current library Shelving location Date acquired Full call number Accession Number Item type
    Lending WERC Library WERC Library Social Science Cupboard 03/31/2024 302.2 DIS 5232 Books in Stacks (Lending)

© WERC Library